Signals involved in wound-induced proteinase inhibitor II gene expression in tomato & potato plants (Record no. 46111)

MARC details
000 -LEADER
fixed length control field 00382nam a2200109Ia 4500
100 ## - MAIN ENTRY--AUTHOR NAME
Personal name Cortes Hugo Pena etal
245 #0 - TITLE STATEMENT
Title Signals involved in wound-induced proteinase inhibitor II gene expression in tomato & potato plants
260 ## - PUBLICATION, DISTRIBUTION, ETC. (IMPRINT)
Name of publisher Proceedings of the national Academy of Sciences, USA
Year of publication 1995
300 ## - PHYSICAL DESCRIPTION
Number of Pages 4106-4113
942 ## - ADDED ENTRY ELEMENTS (KOHA)
Koha item type Reprints
Holdings
Withdrawn status Lost status Damaged status Not for loan Home library Current library Date acquired Serial Enumeration / chronology Accession Number Koha item type
      Reprints RRII Library RRII Library 22/12/2021 Volume 92, Issue May P1398 Reprints